01460nam a2200229 i 4500003000900000005001700009007000300026008004100029020001800070040003000088041000800118082001400126100004900140245008600189264006500275300003600340336002700376337003400403338002800437500004800465520071700513DO-SdBNP20260513150835.0ta260513e2025 dr ||||gr|||||||| | spa d a9789945656718 aDO-SdBNPbspacBNPHUerda aspa bEv92 2025 aEvangelista de la Cruz, Sicta,d1967-eautor aCelinés : bandanzas de una mujer visionaria / cSicta Evangelista De La Cruz. aSanto Domingo, República Dominicana : bSantuario, c2025. a160 páginas ; c23.5 x 15 cm. atextobtxt2rdacontent asin mediación bn2rdamedia avolumenbnc2rdacarrier aIncluye biografía de la autora en solapa. aLa historia de Celinés comienza en una madrugada de abril, en un humilde rancho donde la vida se abría paso entre la pobreza y la esperanza. Criada por Mon y Pancha en el campo dominicano, su infancia estuvo marcada por el trabajo duro, la escasez y los sueños aparentemente inalcanzables, como el de volar en avión y recorrer el mundo. A través de mudanzas forzadas, jornadas de cosecha, trueques y esfuerzos comunitarios, Celinés creció con una visión clara: superar las limitaciones que la rodeaban. Su paso por la escuela estuvo lleno de retos, desde estudiar con uniformes distintos a los de sus compañeros hasta enfrentarse a la falta de recursos para continuar una carrera universitaria.